A daughter's a daughter and other novels : (Record no. 599782)
[ view plain ]
| 000 -LEADER | |
|---|---|
| fixed length control field | 00415nam a2200133Ia 4500 |
| 008 - FIXED-LENGTH DATA ELEMENTS--GENERAL INFORMATION | |
| fixed length control field | 230907s9999||||xx |||||||||||||| ||und|| |
| 082 ## - DEWEY DECIMAL CLASSIFICATION NUMBER | |
| Classification number | 823.912 |
| Author Mark | CHR |
| 100 ## - MAIN ENTRY--PERSONAL NAME | |
| Personal name | Westmacott, Mary, |
| 9 (RLIN) | 115818 |
| 245 #2 - TITLE STATEMENT | |
| Title | A daughter's a daughter and other novels : |
| 260 ## - PUBLICATION, DISTRIBUTION, ETC. | |
| Place of publication, distribution, etc. | St. Martin's Minotaur, |
| Name of publisher, distributor, etc. | New York : |
| Date of publication, distribution, etc. | 2017 |
| 300 ## - PHYSICAL DESCRIPTION | |
| Extent | vi, 617 p. ; |
| 650 ## - SUBJECT ADDED ENTRY--TOPICAL TERM | |
| Topical term or geographic name entry element | English Literature Fiction. Fiction. Fiction. |
| 9 (RLIN) | 115819 |
| 942 ## - ADDED ENTRY ELEMENTS (KOHA) | |
| Koha item type | Book |
| Withdrawn status | Lost status | Damaged status | Not for loan | Permanent Location | Current Location | Date acquired | Total Checkouts | Total Renewals | Full call number | Barcode | Date last seen | Price effective from | Koha item type |
|---|---|---|---|---|---|---|---|---|---|---|---|---|---|
| US-Pakistan Center for Advanced Studies in Energy (USPCAS-E) | US-Pakistan Center for Advanced Studies in Energy (USPCAS-E) | 09/02/2019 | 1 | 823.912 CHR | CAS-E0003881 | 11/28/2025 | 09/12/2023 | Book |
